[Event "Morbihan-ch 0405"]
[Site "Arradon"]
[Date "2005.03.26"]
[Round "6"]
[White "Dufournier, Francois"]
[Black "Meysson, Jean Marc"]
[Result "0-1"]
[WhiteElo "1880"]
[BlackElo "1920"]
[PlyCount "72"]
[EventDate "2004.10.10"]
[EventType "swiss"]
[EventRounds "7"]
[EventCountry "FRA"]
[SourceTitle "EXT 2007"]
[Source "ChessBase"]
[SourceDate "2006.11.23"]
[SourceVersion "1"]
[SourceVersionDate "2006.11.23"]
[SourceQuality "1"]

1. g3 d5 2. Bg2 Nf6 3. Nf3 Nc6 4. d3 e5 5. Nbd2 Bc5 6. 0-0 0-0 7. e4 dxe4 8. Nxe4 Nxe4 9. dxe4 Qe7 10. Qe2 Bg4 11. Qc4 Kh8 12. Be3 Bxe3 13. fxe3 Qe6 14. Qxe6 Bxe6 15. Ng5 Bc4 16. Rf2 f6 17. Nf3 Rfd8 18. Bf1 Be6 19. Bb5 Na5 20. Nd2 Rd6 21. b4 a6 22. Ba4 Nc4 23. Nxc4 Bxc4 24. Bb3 Bxb3 25. cxb3 Rad8 26. Rc2 c6 27. a4 Kg8 28. b5 axb5 29. axb5 cxb5 30. Rc7 Rd1+ 31. Rxd1 Rxd1+ 32. Kg2 Rb1 33. Rxb7 Rxb3 34. Kf3 h6 35. h3 Kh7 36. h4 h5 0-1

[Event "Morbihan-ch 0405"]
[Site "Arradon"]
[Date "2005.03.05"]
[Round "5"]
[White "Dufournier, Francois"]
[Black "Peyre, Camille"]
[Result "1/2-1/2"]
[WhiteElo "1880"]
[BlackElo "1730"]
[PlyCount "47"]
[EventDate "2004.10.10"]
[EventType "swiss"]
[EventRounds "7"]
[EventCountry "FRA"]
[SourceTitle "EXT 2007"]
[Source "ChessBase"]
[SourceDate "2006.11.23"]
[SourceVersion "1"]
[SourceVersionDate "2006.11.23"]
[SourceQuality "1"]

1. e4 c6 2. d4 d5 3. Nc3 dxe4 4. Nxe4 Bf5 5. Ng3 Bg6 6. Nf3 Nd7 7. Bd3 Bxd3 8. Qxd3 Qc7 9. 0-0 Ngf6 10. Re1 g6 11. Bd2 Bg7 12. Re2 e6 13. Rae1 0-0 14. Ng5 Rfe8 15. h4 Nd5 16. Qf3 N7f6 17. c4 Nb6 18. Bf4 Qd8 19. c5 Nbd5 20. Be5 Qd7 21. h5 h6 22. N3e4 Nxh5 23. Bxg7 Kxg7 24. Nh3 1/2-1/2

[Event "FRA-chT4 0405"]
[Site "Bretagne"]
[Date "2005.02.06"]
[Round "5"]
[White "Cronnier, Georges"]
[Black "Dufournier, Francois"]
[Result "1-0"]
[WhiteElo "1800"]
[BlackElo "1880"]
[PlyCount "107"]
[EventDate "2004.04.03"]
[EventType "team"]
[EventRounds "7"]
[EventCountry "FRA"]
[SourceTitle "EXT 2007"]
[Source "ChessBase"]
[SourceDate "2006.11.23"]
[SourceVersion "1"]
[SourceVersionDate "2006.11.23"]
[SourceQuality "1"]

1. Nf3 Nf6 2. g3 d5 3. Bg2 Bf5 4. d3 e6 5. Nbd2 Nbd7 6. a3 c5 7. c4 Bd6 8. 0-0 h6 9. Re1 d4 10. Nh4 Qc7 11. Nxf5 exf5 12. e4 fxe4 13. Nxe4 0-0 14. Nxd6 Qxd6 15. Bxb7 Rae8 16. Bg2 Rxe1+ 17. Qxe1 Re8 18. Qf1 Qb6 19. Rb1 Qa5 20. b4 Qa4 21. Bf3 Ne5 22. Bd1 Qc6 23. f4 Neg4 24. Bd2 Ne3 25. Qf3 Qc8 26. Be2 Qh3 27. Bf1 Nxf1 28. Qxf1 Qh5 29. Re1 Rxe1 30. Qxe1 Ng4 31. Qe2 Qh3 32. bxc5 Nf6 33. c6 Qc8 34. Qe5 Qxc6 35. Qxd4 Qf3 36. Qe3 Qd1+ 37. Qe1 Qb3 38. Qe2 Qxa3 39. Kg2 Qd6 40. Bc3 Nd7 41. Qe8+ Nf8 42. Qe5 Qc6+ 43. Qe4 Qa4 44. Qe5 Qc2+ 45. Kh3 f6 46. Qd5+ Kh8 47. Bb4 Ng6 48. f5 Nf4+ 49. gxf4 Qe2 50. Qd4 Qf3+ 51. Kh4 g5+ 52. fxg6 Kg7 53. Qd7+ Kxg6 54. Qg4+ 1-0

[Event "Morbihan-ch 0304"]
[Site "Morbihan"]
[Date "2003.11.08"]
[Round "2"]
[White "Le Talour, Benoit"]
[Black "Dufournier, Francois"]
[Result "1-0"]
[WhiteElo "1680"]
[BlackElo "1450"]
[PlyCount "81"]
[EventDate "2003.10.??"]
[EventType "swiss"]
[EventRounds "7"]
[EventCountry "FRA"]
[SourceTitle "EXT 2005"]
[Source "ChessBase"]
[SourceDate "2004.11.15"]
[SourceVersion "1"]
[SourceVersionDate "2004.11.15"]
[SourceQuality "1"]

1. e4 e6 2. d4 d5 3. e5 c5 4. c3 Nc6 5. Nf3 Bd7 6. c4 Nge7 7. Bg5 Qb6 8. Qb3 h6 9. Be3 Nf5 10. Bd3 Qxb3 11. axb3 Nxe3 12. fxe3 Nb4 13. Kd2 Nxd3 14. Kxd3 dxc4+ 15. bxc4 Bc6 16. Nc3 a6 17. Rhf1 Be7 18. d5 0-0-0 19. e4 Rhf8 20. Kc2 Bd7 21. h4 Rg8 22. d6 Bf8 23. Ra5 Kb8 24. Rxc5 Rc8 25. Rxc8+ Kxc8 26. b4 g6 27. Ra1 Kb8 28. Nd4 Bg7 29. Nf3 Rc8 30. c5 Be8 31. Kd3 Bd7 32. Kd4 Be8 33. Na4 Bxa4 34. Rxa4 Rd8 35. Nd2 Rd7 36. Nb1 Ka7 37. Nc3 b6 38. Nb5+ Kb7 39. Nc7 a5 40. Ne8 bxc5+ 41. bxc5 1-0

[Event "Morbihan-ch 0304"]
[Site "Morbihan"]
[Date "2003.10.26"]
[Round "1"]
[White "Dufournier, Francois"]
[Black "Guillemet, Olivier"]
[Result "1-0"]
[WhiteElo "1450"]
[BlackElo "1499"]
[PlyCount "101"]
[EventDate "2003.10.??"]
[EventType "swiss"]
[EventRounds "7"]
[EventCountry "FRA"]
[SourceTitle "EXT 2005"]
[Source "ChessBase"]
[SourceDate "2004.11.15"]
[SourceVersion "1"]
[SourceVersionDate "2004.11.15"]
[SourceQuality "1"]

1. e4 e6 2. d4 d5 3. Nd2 c5 4. c3 Nc6 5. exd5 exd5 6. dxc5 Bxc5 7. Nb3 Bb6 8. Nf3 Nf6 9. Bb5 0-0 10. 0-0 Re8 11. h3 Bf5 12. Bg5 Qd6 13. Qd2 Bc7 14. Bxf6 Be4 15. Bh4 Bxf3 16. Bg3 Qg6 17. gxf3 Bxg3 18. fxg3 Qxg3+ 19. Qg2 Qxg2+ 20. Kxg2 Re6 21. Bxc6 bxc6 22. Kf2 Rb8 23. Rfe1 Rh6 24. Kg3 Rg6+ 25. Kh2 Rf6 26. Re3 h6 27. Rb1 Kh7 28. Nc5 Rd8 29. Rd1 Rb8 30. b3 Rd8 31. Rdd3 Kg6 32. Kg3 Kh7 33. Kf2 Rf5 34. Rd4 Rd6 35. Ne4 Rg6 36. Ng3 Rfg5 37. Rg4 Re6 38. Rxe6 fxe6 39. f4 Rxg4 40. hxg4 Kg6 41. Ke3 Kf6 42. Nh5+ Kf7 43. Kd4 g6 44. Ng3 Ke7 45. Ke5 g5 46. fxg5 hxg5 47. Ne2 c5 48. b4 cxb4 49. cxb4 Kf7 50. Nd4 a6 51. Nxe6 1-0